| 000 | 00692nam a2200217 a 4500 | ||
|---|---|---|---|
| 005 | 20210219153801.0 | ||
| 008 | 010830s1992 r 000 0 eng d | ||
| 020 | _a9688802883 | ||
| 035 | _aUPN01000110797 | ||
| 049 | _aCG | ||
| 050 | 4 |
_aT385 _bS2.38 |
|
| 100 | 1 | _aSagman, Stephen W. | |
| 245 | 1 | 0 |
_aHarvard graphics 3 / _cStephen W. Sagman, Jane Graver Sandlar ; tr. Enrique Servin Mejía. |
| 260 |
_aMéxico : _bPrentice-Hall, _c1992. |
||
| 300 |
_a750 p. : _bil. |
||
| 534 |
_pTraducción de: _tUsing Harvard graphics 3 |
||
| 650 | 4 | _aGRAFICAS POR COMPUTADORA | |
| 650 | 4 | _aHARVARD GRAPHICS (PROGRAMAS PARA COMPUTADORAS) | |
| 700 | 1 |
_aSandlar, Jane Graver, _ecoaut. |
|
| 905 | _aLibro | ||
| 999 |
_c84706 _d84706 |
||